000 00519ngm a2200169 4500
003 OSt
005 20211020122314.0
008 b xx# fre u
040 _aLB-BrCRDP
082 1 _a791.43
_bJOA.
100 1 _aJOANNIN, PHILIPPE
245 1 0 _aVidéo / Henri Michaux avec Un certain Plume
_bLectures à voir
_cPHILIPPE JOANNIN, MICHEL VÉRICEL
650 _aCollection -- Lectures à voir
700 1 _aVÉRICEL, MICHEL
942 _cVM
_2ddc
999 _c5719
_d5719